Statistics for Asian Countries with the Most Christians (%)

Click here to take the quiz!

General Stats

  • This quiz has been taken 168 times
  • The average score is 9 of 14

Answer Stats

Hint Answer % Correct
29.2South Korea
89%
88.6Georgia
88%
93.6Armenia
87%
85Philippines
86%
38.0-41.0Lebanon
76%
18.0Singapore
74%
99.1East Timor
67%
26.2Kazakhstan
64%
79Cyprus
61%
11.4-17.0Kyrgyzstan
49%
13.8Qatar
45%
15.0Kuwait
40%
11.0Brunei
39%
15.0Bahrain
37%

Score Distribution

Percentile by Number Answered

Percent of People with Each Score

Your Score History

You have not taken this quiz